[Event "RUS-ch rapid (Women)"]
[Site "Olginka"]
[Date "2011.04.26"]
[Round "6"]
[White "Kosteniuk, Alexandra"]
[Black "Kovanova, Baira"]
[Result "1-0"]
[WhiteElo "2503"]
[BlackElo "2376"]
[PlyCount "109"]
[EventDate "2011.04.25"]
[EventType "swiss (rapid)"]
[EventRounds "9"]
[EventCountry "RUS"]
[SourceTitle "CBM 141 Extra"]
[Source "ChessBase"]
[SourceDate "2011.05.03"]
[SourceVersion "1"]
[SourceVersionDate "2011.05.03"]
[SourceQuality "1"]

1. e4 e5 2. Nf3 Nc6 3. Bb5 a6 4. Ba4 Nf6 5. O-O Be7 6. Re1 b5 7. Bb3 d6 8. c3
O-O 9. h3 Be6 10. d4 Bxb3 11. axb3 exd4 12. cxd4 Nb4 13. Nc3 c5 14. d5 Re8 15.
Bf4 h6 16. Qd2 Bf8 17. Rad1 Qb6 18. g4 c4 19. Be3 Qd8 20. bxc4 bxc4 21. Bd4 Nd3
22. Re2 Nd7 23. b3 Rb8 24. bxc4 Nb2 25. Ra1 Nxc4 26. Qa2 Nce5 27. Bxe5 dxe5 28.
Qxa6 Rb3 29. Qc4 Rb4 30. Qd3 Nc5 31. Qd1 Qf6 32. Kg2 Qf4 33. Qd2 Qf6 34. Rb1
Rxb1 35. Nxb1 Rb8 36. Nc3 Rb3 37. Re3 Nd7 38. Qc2 Ra3 39. Nd1 Ra1 40. Rc3 Bc5
41. Ne3 Bxe3 42. Rxe3 Qa6 43. Re1 Rxe1 44. Nxe1 Nf6 45. Nf3 Qa1 46. d6 Kh7 47.
Qd3 Nd7 48. Qb5 Nf6 49. Qxe5 Qd1 50. Qf5+ Kg8 51. e5 Nd5 52. e6 fxe6 53. Qxe6+
Kh7 54. Qe4+ Kg8 55. d7 1-0

[Event "RUS-ch rapid (Women)"]
[Site "Olginka"]
[Date "2011.04.26"]
[Round "7"]
[White "Vasilevich, Irina"]
[Black "Kosteniuk, Alexandra"]
[Result "0-1"]
[WhiteElo "2324"]
[BlackElo "2503"]
[PlyCount "82"]
[EventDate "2011.04.25"]
[EventType "swiss (rapid)"]
[EventRounds "9"]
[EventCountry "RUS"]
[SourceTitle "CBM 141 Extra"]
[Source "ChessBase"]
[SourceDate "2011.05.03"]
[SourceVersion "1"]
[SourceVersionDate "2011.05.03"]
[SourceQuality "1"]

1. c4 Nf6 2. Nc3 e5 3. g3 d5 4. cxd5 Nxd5 5. Bg2 Nb6 6. Nf3 Nc6 7. O-O Be7 8.
d3 O-O 9. a3 Be6 10. Rb1 a5 11. Na4 Nd7 12. Nd2 Ra6 13. Nc3 Nf6 14. Re1 Qd7 15.
Qa4 h6 16. Nde4 Nxe4 17. dxe4 b5 18. Qxb5 Rb6 19. Qd3 Qxd3 20. exd3 Nd4 21. Nd5
Bxd5 22. exd5 Bd6 23. Be3 Rfb8 24. Bd2 Nc2 25. Rec1 Nxa3 26. Ra1 Rxb2 27. Bxa5
Nc2 28. Ra4 Rb1 29. Rxb1 Rxb1+ 30. Bf1 Nd4 31. Rc4 Nb5 32. Kg2 Rb2 33. Rc1 f5
34. h4 Ra2 35. Be1 Kf7 36. Rb1 Na3 37. Rb7 Nc2 38. Bd2 f4 39. gxf4 exf4 40. Bc1
Ne3+ 41. Kg1 Nxf1 0-1

[Event "RUS-ch rapid (Women)"]
[Site "Olginka"]
[Date "2011.04.26"]
[Round "8"]
[White "Kosteniuk, Alexandra"]
[Black "Turova, Irina"]
[Result "0-1"]
[WhiteElo "2503"]
[BlackElo "2428"]
[PlyCount "56"]
[EventDate "2011.04.25"]
[EventType "swiss (rapid)"]
[EventRounds "9"]
[EventCountry "RUS"]
[SourceTitle "CBM 141 Extra"]
[Source "ChessBase"]
[SourceDate "2011.05.03"]
[SourceVersion "1"]
[SourceVersionDate "2011.05.03"]
[SourceQuality "1"]

1. e4 e5 2. Nf3 Nc6 3. Bb5 f5 4. Nc3 fxe4 5. Nxe4 Nf6 6. Nxf6+ Qxf6 7. Qe2 Be7
8. Bxc6 bxc6 9. Nxe5 Qe6 10. Qe3 O-O 11. O-O c5 12. Re1 Bb7 13. f3 Bh4 14. Re2
Rae8 15. Qxc5 Bf6 16. d4 d6 17. Qxa7 Ba8 18. Bf4 dxe5 19. Bxe5 Bxe5 20. Rxe5
Qg6 21. Rxe8 Qxe8 22. Kf2 Qe4 23. Qc5 Qf4 24. Qc4+ Kh8 25. Qb4 Bxf3 26. g3 Qf5
27. Kg1 Be4 28. Qe1 Qf3 0-1

[Event "RUS-ch rapid (Women)"]
[Site "Olginka"]
[Date "2011.04.26"]
[Round "9"]
[White "Galliamova, Alisa"]
[Black "Kosteniuk, Alexandra"]
[Result "1-0"]
[WhiteElo "2497"]
[BlackElo "2503"]
[PlyCount "81"]
[EventDate "2011.04.25"]
[EventType "swiss (rapid)"]
[EventRounds "9"]
[EventCountry "RUS"]
[SourceTitle "CBM 141 Extra"]
[Source "ChessBase"]
[SourceDate "2011.05.03"]
[SourceVersion "1"]
[SourceVersionDate "2011.05.03"]
[SourceQuality "1"]

1. d4 Nf6 2. c4 e6 3. g3 d5 4. Bg2 Bb4+ 5. Nd2 O-O 6. Qc2 c5 7. Ngf3 cxd4 8.
Nxd4 e5 9. N4b3 d4 10. O-O Bg4 11. Bxb7 Bxe2 12. Bxa8 d3 13. Qb1 Bxf1 14. Nxf1
e4 15. Bg5 Re8 16. Nbd2 Qd4 17. Be3 Qd7 18. a3 Bd6 19. Kg2 Nc6 20. Bxc6 Qxc6
21. b4 Be5 22. Ra2 Nh5 23. c5 f5 24. Qb3+ Kf8 25. Nc4 f4 26. gxf4 Nxf4+ 27. Kh1
Qd5 28. Ncd2 Qd7 29. Qc4 Nd5 30. Qxe4 Nc3 31. Qf3+ Kg8 32. Rb2 Rf8 33. Qg2 Rf6
34. Rb3 Qe6 35. c6 Rg6 36. Ng3 h5 37. c7 Kh7 38. Qb7 Qc6+ 39. Qxc6 Rxc6 40.
Bxa7 Rxc7 41. Bb8 1-0

[Event "EU-ch (Women) 12th"]
[Site "Tbilisi"]
[Date "2011.05.07"]
[Round "1"]
[White "Arabidze, Meri"]
[Black "Kosteniuk, Alexandra"]
[Result "1/2-1/2"]
[WhiteElo "2277"]
[BlackElo "2522"]
[PlyCount "140"]
[EventDate "2011.05.07"]
[EventType "swiss"]
[EventRounds "11"]
[EventCountry "GEO"]
[SourceTitle "CBM 142 Extra"]
[Source "ChessBase"]
[SourceDate "2011.06.27"]
[SourceVersion "1"]
[SourceVersionDate "2011.06.27"]
[SourceQuality "1"]

1. d4 Nf6 2. c4 e6 3. Nf3 b6 4. a3 Bb7 5. Nc3 d5 6. cxd5 Nxd5 7. e3 g6 8. Bb5+
c6 9. Bd3 Bg7 10. O-O O-O 11. Na4 Qc7 12. Re1 c5 13. e4 Nf4 14. Bxf4 Qxf4 15.
dxc5 Nd7 16. cxb6 axb6 17. Bb5 Nf6 18. Qd2 Qg4 19. h3 Qh5 20. Nc3 Bxe4 21. Nxe4
Qxb5 22. Nc3 Qb3 23. Rad1 Ra5 24. Nd4 Qc4 25. b3 Qa6 26. a4 Rh5 27. Ndb5 Qa8
28. Qe3 Bh6 29. Qd4 Rg5 30. Ne4 Nxe4 31. Qxe4 Qxe4 32. Rxe4 Rc8 33. g3 Bf8 34.
Kg2 Rc2 35. Rd8 Rf5 36. Rf4 Rxf4 37. gxf4 Kg7 38. Nd6 Be7 39. Rd7 Kf8 40. Nc4
Bc5 41. Ne5 Rxf2+ 42. Kg3 g5 43. Rxf7+ Kg8 44. Rf6 gxf4+ 45. Rxf4 Rb2 46. Rg4+
Kf8 47. Nd7+ Ke7 48. Rg7+ Kd6 49. Nxc5 bxc5 50. Rb7 e5 51. a5 Ra2 52. Rxh7 Rxa5
53. Rb7 Ra1 54. Rb5 Rf1 55. b4 c4 56. Rc5 e4 57. Rxc4 Kd5 58. Rc8 e3 59. Re8
Kd4 60. h4 Kd3 61. h5 e2 62. Kg4 e1=Q 63. Rxe1 Rxe1 64. Kf5 Kd4 65. h6 Kd5 66.
h7 Rh1 67. Kg6 Ke6 68. Kg7 Rg1+ 69. Kf8 Rf1+ 70. Kg8 Rg1+ 1/2-1/2

[Event "EU-ch (Women) 12th"]
[Site "Tbilisi"]
[Date "2011.05.08"]
[Round "2"]
[White "Kosteniuk, Alexandra"]
[Black "Tsatsalashvili, Ketevan"]
[Result "1/2-1/2"]
[WhiteElo "2522"]
[BlackElo "2280"]
[PlyCount "125"]
[EventDate "2011.05.07"]
[EventType "swiss"]
[EventRounds "11"]
[EventCountry "GEO"]
[SourceTitle "CBM 142 Extra"]
[Source "ChessBase"]
[SourceDate "2011.06.27"]
[SourceVersion "1"]
[SourceVersionDate "2011.06.27"]
[SourceQuality "1"]

1. e4 c6 2. d4 d5 3. e5 Bf5 4. Nf3 e6 5. Be2 c5 6. O-O Nc6 7. c3 Rc8 8. Be3
cxd4 9. Nxd4 Nge7 10. Qb3 Qd7 11. Nb5 Ng6 12. f4 a6 13. Nd4 Nxd4 14. Bxd4 Bc5
15. Bxc5 Rxc5 16. Qb4 Rc8 17. g4 Bxb1 18. Raxb1 Qe7 19. Qa4+ Rc6 20. Rbe1 Qc5+
21. Kh1 O-O 22. Bd3 Re8 23. a3 b5 24. Qb4 Qxb4 25. axb4 f6 26. exf6 gxf6 27.
Re3 Rd8 28. Bb1 d4 29. Rg3 dxc3 30. bxc3 Rcd6 31. Bc2 Kg7 32. f5 Ne5 33. g5
exf5 34. gxf6+ Kxf6 35. Rxf5+ Ke6 36. Rf4 Ng6 37. Bb3+ Ke5 38. Rf7 R6d7 39.
Re3+ Kd6 40. Re6+ Kc7 41. Rxa6 Rxf7 42. Ra7+ Kc6 43. Rxf7 Rd3 44. Rxh7 Rxc3 45.
Rh6 Rxb3 46. Rxg6+ Kd7 47. Rg4 Rb2 48. h4 Ke6 49. Kg1 Kf5 50. Rg5+ Kf4 51. Rxb5
Kg3 52. Kf1 Kxh4 53. Ke1 Kg4 54. Kd1 Kf4 55. Kc1 Rh2 56. Rd5 Ke4 57. Rd8 Ke5
58. Rd3 Rh4 59. Rb3 Kd5 60. Kb2 Kc6 61. Ka3 Kb5 62. Rg3 Rh5 63. Kb3 1/2-1/2

[Event "EU-ch (Women) 12th"]
[Site "Tbilisi"]
[Date "2011.05.09"]
[Round "3"]
[White "Kosteniuk, Alexandra"]
[Black "Goryachkina, Aleksandra"]
[Result "1-0"]
[WhiteElo "2522"]
[BlackElo "2103"]
[PlyCount "71"]
[EventDate "2011.05.07"]
[EventType "swiss"]
[EventRounds "11"]
[EventCountry "GEO"]
[SourceTitle "CBM 142 Extra"]
[Source "ChessBase"]
[SourceDate "2011.06.27"]
[SourceVersion "1"]
[SourceVersionDate "2011.06.27"]
[SourceQuality "1"]

1. e4 c5 2. Nf3 Nc6 3. d4 cxd4 4. Nxd4 e5 5. Nb5 d6 6. N1c3 a6 7. Na3 b5 8. Nd5
Nf6 9. Bg5 Be7 10. Bxf6 Bxf6 11. c4 b4 12. Nc2 a5 13. Be2 O-O 14. O-O Bg5 15.
Qd3 Be6 16. Rfd1 Rb8 17. b3 Kh8 18. h3 Qc8 19. Qg3 Bd8 20. Bg4 Ne7 21. Nce3 Qb7
22. Rd3 Nxd5 23. Nxd5 Bb6 24. Nxb6 Qxb6 25. Rad1 Rbd8 26. Qe3 Qc6 27. c5 d5 28.
exd5 Rxd5 29. Rxd5 Bxd5 30. Qxe5 Be4 31. Rd6 Qa8 32. Bd7 Bxg2 33. c6 Bf3 34.
Qe7 Kg8 35. c7 Bb7 36. Bg4 1-0

[Event "EU-ch (Women) 12th"]
[Site "Tbilisi"]
[Date "2011.05.10"]
[Round "4"]
[White "Charochkina, Daria"]
[Black "Kosteniuk, Alexandra"]
[Result "1/2-1/2"]
[WhiteElo "2320"]
[BlackElo "2522"]
[PlyCount "72"]
[EventDate "2011.05.07"]
[EventType "swiss"]
[EventRounds "11"]
[EventCountry "GEO"]
[SourceTitle "CBM 142 Extra"]
[Source "ChessBase"]
[SourceDate "2011.06.27"]
[SourceVersion "1"]
[SourceVersionDate "2011.06.27"]
[SourceQuality "1"]

1. d4 Nf6 2. c4 e6 3. Nc3 Bb4 4. Qc2 d5 5. cxd5 exd5 6. Bg5 c5 7. dxc5 h6 8.
Bh4 g5 9. Bg3 Ne4 10. e3 Qa5 11. Nge2 Bf5 12. Be5 O-O 13. Nd4 Re8 14. Bxb8 Nxc3
15. Nxf5 Ne4+ 16. Kd1 Raxb8 17. f3 Rbc8 18. fxe4 dxe4 19. Bc4 Rxc5 20. Nd4 b5
21. Bxf7+ Kxf7 22. Rf1+ Kg8 23. Qf2 Rc7 24. Qf5 Qa4+ 25. b3 Qa6 26. a3 Bf8 27.
Qd5+ Kh8 28. Rf7 Rxf7 29. Qxf7 Rd8 30. Rc1 Bg7 31. Rc7 Qf6 32. Qxf6 Bxf6 33.
Rxa7 Bxd4 34. exd4 Rxd4+ 35. Ke2 Rd3 36. b4 Rb3 1/2-1/2

[Event "EU-ch (Women) 12th"]
[Site "Tbilisi"]
[Date "2011.05.11"]
[Round "5"]
[White "Kosteniuk, Alexandra"]
[Black "Manakova, Maria"]
[Result "1-0"]
[WhiteElo "2522"]
[BlackElo "2303"]
[PlyCount "87"]
[EventDate "2011.05.07"]
[EventType "swiss"]
[EventRounds "11"]
[EventCountry "GEO"]
[SourceTitle "CBM 142 Extra"]
[Source "ChessBase"]
[SourceDate "2011.06.27"]
[SourceVersion "1"]
[SourceVersionDate "2011.06.27"]
[SourceQuality "1"]

1. e4 c5 2. Nf3 Nc6 3. d4 cxd4 4. Nxd4 e5 5. Nb5 d6 6. N1c3 a6 7. Na3 Be6 8.
Nc4 Rc8 9. Nd5 Bxd5 10. exd5 Nce7 11. Be3 Nf5 12. Bb6 Qh4 13. Qd3 g6 14. O-O-O
Nf6 15. Qb3 Nd7 16. g3 Qe7 17. f4 Bg7 18. fxe5 O-O 19. Nxd6 Nxd6 20. exd6 Qxd6
21. Bd4 Nc5 22. Qf3 Na4 23. Bxg7 Kxg7 24. Qf4 Qxf4+ 25. gxf4 Rfd8 26. Bg2 Rd6
27. Rhe1 Rb6 28. b3 Nc3 29. Rd2 Nxa2+ 30. Kb2 Nc3 31. d6 Na4+ 32. Ka3 Nc5 33.
Bh3 Rd8 34. b4 Nd7 35. c4 Rc6 36. c5 a5 37. Bxd7 Rxd7 38. Ka4 axb4 39. Kb5 b3
40. Re3 Kf6 41. Rxb3 Kf5 42. Kc4 Kxf4 43. Kd5 f5 44. Rg3 1-0

[Event "EU-ch (Women) 12th"]
[Site "Tbilisi"]
[Date "2011.05.12"]
[Round "6"]
[White "Shadrina, Tatiana"]
[Black "Kosteniuk, Alexandra"]
[Result "0-1"]
[WhiteElo "2397"]
[BlackElo "2522"]
[PlyCount "132"]
[EventDate "2011.05.07"]
[EventType "swiss"]
[EventRounds "11"]
[EventCountry "GEO"]
[SourceTitle "CBM 142 Extra"]
[Source "ChessBase"]
[SourceDate "2011.06.27"]
[SourceVersion "1"]
[SourceVersionDate "2011.06.27"]
[SourceQuality "1"]

1. e4 e5 2. Nf3 Nc6 3. Bb5 a6 4. Ba4 Nf6 5. O-O Bc5 6. c3 b5 7. Bb3 d6 8. d4
Bb6 9. h3 O-O 10. a4 Bb7 11. Re1 h6 12. Be3 exd4 13. cxd4 Na5 14. d5 Nxb3 15.
Qxb3 Ba5 16. Bd2 b4 17. Bf4 Nd7 18. Nbd2 Nc5 19. Qc4 Bb6 20. a5 Ba7 21. Nd4 Qf6
22. Be3 Rab8 23. Nf5 Qxb2 24. e5 Qxe5 25. Bxc5 Qxf5 26. Bxa7 Ra8 27. Be3 Qxd5
28. Qxd5 Bxd5 29. Bf4 g5 30. Bg3 Rfe8 31. f3 f5 32. Rab1 Rxe1+ 33. Bxe1 c5 34.
Rd1 Re8 35. Bg3 f4 36. Bf2 c4 37. Nb1 c3 38. Rc1 Re2 39. Nxc3 bxc3 40. Rxc3 Ra2
41. Bb6 Rd2 42. Bc7 Kf7 43. Bxd6 Bxf3 44. Bxf4 Rxg2+ 45. Kf1 Bd5 46. Bc7 Ra2
47. Kg1 Be4 48. Rc4 Re2 49. Rd4 Rg2+ 50. Kf1 Rc2 51. Rxe4 Rxc7 52. Rb4 Re7 53.
Rb6 Re6 54. Kf2 h5 55. Kf3 Kf6 56. Rb8 Kf5 57. Rf8+ Rf6 58. Rg8 Rc6 59. Rf8+
Kg6 60. Rb8 Rc3+ 61. Kg2 Rc2+ 62. Kg1 Kf5 63. h4 g4 64. Rh8 Kf4 65. Rxh5 Kg3
66. Kf1 Kh2 0-1

[Event "EU-ch (Women) 12th"]
[Site "Tbilisi"]
[Date "2011.05.15"]
[Round "8"]
[White "Savina, Anastasia"]
[Black "Kosteniuk, Alexandra"]
[Result "1/2-1/2"]
[WhiteElo "2389"]
[BlackElo "2522"]
[PlyCount "97"]
[EventDate "2011.05.07"]
[EventType "swiss"]
[EventRounds "11"]
[EventCountry "GEO"]
[SourceTitle "CBM 142 Extra"]
[Source "ChessBase"]
[SourceDate "2011.06.27"]
[SourceVersion "1"]
[SourceVersionDate "2011.06.27"]
[SourceQuality "1"]

1. d4 Nf6 2. c4 e6 3. Nf3 d5 4. Nc3 dxc4 5. e4 Bb4 6. Bxc4 c5 7. O-O Nc6 8. d5
Ne7 9. Bb5+ Kf8 10. d6 Ng6 11. e5 Nd7 12. Bg5 Qa5 13. Qe2 c4 14. Qxc4 Ngxe5 15.
Nxe5 Nxe5 16. Be7+ Kg8 17. Qe2 Ng6 18. a3 Bxc3 19. bxc3 a6 20. Bc4 Bd7 21. Rab1
b5 22. Qe4 Rb8 23. Qd4 Qb6 24. Qxb6 Rxb6 25. a4 f6 26. axb5 axb5 27. Bd8 Rxd6
28. Rfd1 Rxd1+ 29. Rxd1 bxc4 30. Rxd7 h5 31. Rc7 Ne5 32. f4 Ng4 33. Rxc4 Kf7
34. Rd4 e5 35. fxe5 fxe5 36. Rd2 e4 37. h3 Ne5 38. Bc7 Nd3 39. Re2 Rc8 40. Ba5
Rc4 41. Bb6 Ke6 42. Bd4 Kf5 43. Ra2 h4 44. Ra5+ Ke6 45. Ra6+ Kd5 46. Ra5+ Ke6
47. Ra6+ Kf5 48. Ra5+ Ke6 49. Ra6+ 1/2-1/2

[Event "EU-ch (Women) 12th"]
[Site "Tbilisi"]
[Date "2011.05.16"]
[Round "9"]
[White "Kosteniuk, Alexandra"]
[Black "Arakhamia Grant, Ketevan"]
[Result "0-1"]
[WhiteElo "2522"]
[BlackElo "2462"]
[PlyCount "134"]
[EventDate "2011.05.07"]
[EventType "swiss"]
[EventRounds "11"]
[EventCountry "GEO"]
[SourceTitle "CBM 142 Extra"]
[Source "ChessBase"]
[SourceDate "2011.06.27"]
[SourceVersion "1"]
[SourceVersionDate "2011.06.27"]
[SourceQuality "1"]

1. e4 c5 2. Nf3 e6 3. d4 cxd4 4. Nxd4 Nf6 5. Nc3 Nc6 6. Ndb5 Bb4 7. a3 Bxc3+ 8.
Nxc3 d5 9. exd5 exd5 10. Bd3 O-O 11. O-O d4 12. Ne2 Bg4 13. h3 Bh5 14. Qd2 Bg6
15. Rd1 Re8 16. b4 Bxd3 17. Qxd3 Qe7 18. Ng3 Rad8 19. Bg5 Rd5 20. Bd2 Ne5 21.
Qb3 Qd7 22. a4 Rc8 23. Rac1 h6 24. b5 b6 25. Re1 d3 26. Nf1 dxc2 27. Rxc2 Rxc2
28. Qxc2 Nd3 29. Re3 Nc5 30. Bc3 Qf5 31. Qa2 Nfe4 32. Be1 Rd1 33. Qc2 Qd5 34.
f3 Nd6 35. Bc3 Rd3 36. Qf2 Nf5 37. Re5 Qd7 38. Bb4 f6 39. Re1 Qd4 40. Bxc5 bxc5
41. Re8+ Kh7 42. Re4 Qxf2+ 43. Kxf2 Ra3 44. Ng3 Nd4 45. Re7 Rxa4 46. Nh5 Ra2+
47. Kg1 Kg6 48. Nxg7 c4 49. Ne6 Nxe6 50. Rxe6 c3 51. Rc6 c2 52. Kh2 Kf5 53. Kg3
Ke5 54. Kg4 Kd4 55. Kf5 Kd3 56. Rd6+ Kc3 57. Rc6+ Kb2 58. b6 c1=Q 59. Rxc1 Kxc1
60. bxa7 Rxa7 61. Kxf6 Kd2 62. f4 Ke3 63. f5 Kf4 64. g4 Ra6+ 65. Kg7 Kg5 66.
Kf7 h5 67. Ke7 h4 0-1

[Event "EU-ch (Women) 12th"]
[Site "Tbilisi"]
[Date "2011.05.17"]
[Round "10"]
[White "Nechaeva, Marina"]
[Black "Kosteniuk, Alexandra"]
[Result "1-0"]
[WhiteElo "2387"]
[BlackElo "2522"]
[PlyCount "87"]
[EventDate "2011.05.07"]
[EventType "swiss"]
[EventRounds "11"]
[EventCountry "GEO"]
[SourceTitle "CBM 142 Extra"]
[Source "ChessBase"]
[SourceDate "2011.06.27"]
[SourceVersion "1"]
[SourceVersionDate "2011.06.27"]
[SourceQuality "1"]

1. d4 Nf6 2. c4 e6 3. Nc3 Bb4 4. Qc2 d5 5. cxd5 exd5 6. Bg5 c5 7. Nf3 h6 8. Bh4
g5 9. Bg3 Ne4 10. dxc5 Bf5 11. Nd4 Bxc3+ 12. bxc3 Nxg3 13. Nxf5 Nxh1 14. Nd6+
Kf8 15. Qf5 Qd7 16. Qxd5 Nc6 17. g3 Qe7 18. Qxh1 Qe5 19. Qf3 Rh7 20. Rb1 f6 21.
Bg2 Re7 22. Kf1 Rd8 23. Qh5 Kg8 24. c4 Kg7 25. Nxb7 Rc8 26. Nd6 Rb8 27. Be4
Rxb1+ 28. Bxb1 Nd4 29. Qg6+ Kf8 30. Qxh6+ Kg8 31. Be4 Ne6 32. Bd5 Rg7 33. Ne8
Rf7 34. c6 Re7 35. Nxf6+ Kf7 36. c7 Rxc7 37. Bxe6+ Qxe6 38. Qh7+ Kxf6 39. Qxc7
Qa6 40. Qd8+ Ke6 41. Qd5+ Kf6 42. c5 Qb5 43. g4 Kg6 44. Qd3+ 1-0

[Event "SUI-ch 111th"]
[Site "Leukerbad"]
[Date "2011.07.07"]
[Round "1"]
[White "Beney, Eddy"]
[Black "Kosteniuk, Alexandra"]
[Result "0-1"]
[WhiteElo "2090"]
[BlackElo "2497"]
[PlyCount "48"]
[EventDate "2011.07.07"]
[EventType "swiss"]
[EventRounds "9"]
[EventCountry "SUI"]
[SourceTitle "CBM 143 Extra"]
[Source "ChessBase"]
[SourceDate "2011.08.29"]
[SourceVersion "1"]
[SourceVersionDate "2011.08.29"]
[SourceQuality "1"]

1. e4 e5 2. Nf3 Nc6 3. d4 exd4 4. Nxd4 Nf6 5. Nxc6 bxc6 6. e5 Qe7 7. Qe2 Nd5 8.
c4 Nb6 9. g3 Qe6 10. b3 a5 11. h4 a4 12. Bb2 Bb4+ 13. Nd2 a3 14. Bc1 Bc3 15.
Rb1 Qf5 16. Qd3 Qxe5+ 17. Be2 d5 18. f4 Qf6 19. O-O Bd4+ 20. Kh2 Bf5 21. Qf3
O-O 22. Bd3 Rfe8 23. Bxf5 Qxf5 24. c5 Bxc5 0-1

[Event "SUI-ch 111th"]
[Site "Leukerbad"]
[Date "2011.07.09"]
[Round "3"]
[White "Riff, Vincent"]
[Black "Kosteniuk, Alexandra"]
[Result "0-1"]
[WhiteElo "2354"]
[BlackElo "2497"]
[PlyCount "54"]
[EventDate "2011.07.07"]
[EventType "swiss"]
[EventRounds "9"]
[EventCountry "SUI"]
[SourceTitle "CBM 143 Extra"]
[Source "ChessBase"]
[SourceDate "2011.08.29"]
[SourceVersion "1"]
[SourceVersionDate "2011.08.29"]
[SourceQuality "1"]

1. e4 e5 2. Nf3 Nc6 3. Bc4 Bc5 4. c3 Nf6 5. d3 O-O 6. Bb3 d5 7. Nbd2 b5 8. O-O
a5 9. a4 b4 10. exd5 Nxd5 11. Ne4 Ba7 12. Re1 Kh8 13. cxb4 Ndxb4 14. Nfg5 Bf5
15. Bc4 Qd7 16. Be3 Nd4 17. Bxd4 Bxd4 18. Qb3 Bg6 19. Nf3 Rab8 20. Rac1 Rfd8
21. Qa3 f6 22. h3 Ba7 23. Qc3 c6 24. Rcd1 Bh5 25. Kh2 Bxf3 26. gxf3 Nd5 27.
Bxd5 cxd5 0-1

[Event "SUI-ch 111th"]
[Site "Leukerbad"]
[Date "2011.07.11"]
[Round "5"]
[White "Gallagher, Joseph G"]
[Black "Kosteniuk, Alexandra"]
[Result "1-0"]
[WhiteElo "2501"]
[BlackElo "2497"]
[PlyCount "73"]
[EventDate "2011.07.07"]
[EventType "swiss"]
[EventRounds "9"]
[EventCountry "SUI"]
[SourceTitle "CBM 143 Extra"]
[Source "ChessBase"]
[SourceDate "2011.08.29"]
[SourceVersion "1"]
[SourceVersionDate "2011.08.29"]
[SourceQuality "1"]

1. e4 e5 2. Nf3 Nc6 3. Bb5 a6 4. Ba4 Nf6 5. O-O Bc5 6. d3 b5 7. Bb3 d6 8. a4
Rb8 9. c3 Bg4 10. Re1 O-O 11. h3 Bh5 12. Nbd2 Re8 13. Nf1 d5 14. exd5 Na5 15.
Bc2 b4 16. d4 exd4 17. Rxe8+ Qxe8 18. cxd4 Bxf3 19. Qxf3 Bxd4 20. Bf4 b3 21.
Bd3 Qd7 22. Rd1 Bxb2 23. Bxa6 Qxa4 24. Bxc7 Ra8 25. Bd3 Nb7 26. d6 Qb4 27. Nd2
Ra1 28. Rxa1 Bxa1 29. Nxb3 Be5 30. Ba5 Qxd6 31. Qxb7 g5 32. Qf3 Kg7 33. Bd2 h6
34. Na5 Bd4 35. Nc4 Qe6 36. Ne3 Be5 37. Nf5+ 1-0

[Event "SUI-ch 111th"]
[Site "Leukerbad"]
[Date "2011.07.12"]
[Round "6"]
[White "Kosteniuk, Alexandra"]
[Black "Zueger, Beat"]
[Result "1/2-1/2"]
[WhiteElo "2497"]
[BlackElo "2407"]
[PlyCount "67"]
[EventDate "2011.07.07"]
[EventType "swiss"]
[EventRounds "9"]
[EventCountry "SUI"]
[SourceTitle "CBM 143 Extra"]
[Source "ChessBase"]
[SourceDate "2011.08.29"]
[SourceVersion "1"]
[SourceVersionDate "2011.08.29"]
[SourceQuality "1"]

1. d4 Nf6 2. c4 c5 3. d5 b5 4. cxb5 a6 5. e3 axb5 6. Bxb5 Qa5+ 7. Nc3 Bb7 8.
Bd2 Qb6 9. Nf3 Nxd5 10. Nxd5 Bxd5 11. a4 e6 12. Bc3 Be7 13. Ne5 Bf6 14. O-O O-O
15. Qg4 Qc7 16. Nc6 Bxc3 17. Ne7+ Kh8 18. Nxd5 exd5 19. bxc3 Qe5 20. Rac1 Qe6
21. h3 Nc6 22. Rfd1 Ne5 23. Qh4 f5 24. Rd2 c4 25. Qd4 Nd3 26. Rcd1 f4 27. Rxd3
cxd3 28. exf4 Qh6 29. g3 Qxh3 30. Qxd5 Rad8 31. Bxd3 Rxf4 32. gxf4 Qg4+ 33. Kh2
Qh4+ 34. Kg2 1/2-1/2

[Event "SUI-ch 111th"]
[Site "Leukerbad"]
[Date "2011.07.13"]
[Round "7"]
[White "Filipovic, Branko"]
[Black "Kosteniuk, Alexandra"]
[Result "1-0"]
[WhiteElo "2421"]
[BlackElo "2497"]
[PlyCount "133"]
[EventDate "2011.07.07"]
[EventType "swiss"]
[EventRounds "9"]
[EventCountry "SUI"]
[SourceTitle "CBM 143 Extra"]
[Source "ChessBase"]
[SourceDate "2011.08.29"]
[SourceVersion "1"]
[SourceVersionDate "2011.08.29"]
[SourceQuality "1"]

1. e4 e5 2. d4 exd4 3. Qxd4 Nc6 4. Qe3 Nf6 5. Nc3 Bb4 6. Bd2 O-O 7. O-O-O Re8
8. Qg3 Rxe4 9. a3 Rg4 10. Qf3 Bc5 11. h3 Rd4 12. g4 Ne5 13. Qg2 c6 14. f4 Nc4
15. Bxc4 Rxc4 16. g5 Ne8 17. Nf3 d6 18. Kb1 Qb6 19. Qe2 Be6 20. f5 Bxa3 21. Bc1
Rxc3 22. fxe6 fxe6 23. Ka2 Bxb2 24. Bxb2 Re3 25. Qg2 Qa6+ 26. Kb1 Qe2 27. Qxe2
Rxe2 28. Nd4 Re4 29. Rhf1 Nc7 30. Rf3 Rf8 31. Rb3 e5 32. Rxb7 exd4 33. Rxc7 c5
34. Rxa7 Rf3 35. Rd7 Re6 36. h4 h6 37. gxh6 Rxh6 38. Bc1 Rxh4 39. Rxd6 Rh2 40.
Rd5 Rc3 41. Bd2 Rc4 42. Kb2 Rh3 43. Ra1 Kf7 44. Ra6 Rg3 45. Rd7+ Kg8 46. Raa7
Kh7 47. Rac7 Kh8 48. Rd5 Kh7 49. Rb7 Kg8 50. Rb3 Rg1 51. Rb8+ Kf7 52. Kb3 Rb1+
53. Kxc4 Rxb8 54. Rxc5 Rd8 55. Ba5 Rd6 56. Bc7 Rg6 57. Kxd4 Rg1 58. Bf4 Kf6 59.
c4 g6 60. Rd5 Rd1+ 61. Ke4 Re1+ 62. Be3 Ke6 63. Ra5 Kf6 64. Ra6+ Kf7 65. c5 g5
66. Rd6 g4 67. Rd2 1-0

[Event "SUI-ch 111th"]
[Site "Leukerbad"]
[Date "2011.07.14"]
[Round "8"]
[White "Kosteniuk, Alexandra"]
[Black "Grandadam, Nicolas"]
[Result "0-1"]
[WhiteElo "2497"]
[BlackElo "2314"]
[PlyCount "104"]
[EventDate "2011.07.07"]
[EventType "swiss"]
[EventRounds "9"]
[EventCountry "SUI"]
[SourceTitle "CBM 143 Extra"]
[Source "ChessBase"]
[SourceDate "2011.08.29"]
[SourceVersion "1"]
[SourceVersionDate "2011.08.29"]
[SourceQuality "1"]

1. d4 d5 2. c4 e6 3. Nc3 c6 4. e4 dxe4 5. Nxe4 Bb4+ 6. Bd2 Qxd4 7. Bxb4 Qxe4+
8. Ne2 Na6 9. Bf8 Ne7 10. Bxg7 Rg8 11. Bc3 c5 12. Qd2 Bd7 13. O-O-O O-O-O 14.
Ng3 Qh4 15. Bd3 Bc6 16. f3 Rd7 17. Qe3 Rgd8 18. Rd2 Nb4 19. Bxb4 cxb4 20. Kb1
a5 21. Rhd1 Qxh2 22. Nf1 Qh1 23. Kc2 Qh4 24. g4 Qf6 25. Be4 Bxe4+ 26. Qxe4 Nc6
27. Rxd7 Rxd7 28. Rxd7 Kxd7 29. Nd2 Qg6 30. Kb3 Qxe4 31. Nxe4 Nd4+ 32. Ka4 b6
33. f4 f5 34. Nf6+ Ke7 35. g5 h6 36. Ng8+ Kf7 37. Nxh6+ Kg7 38. c5 bxc5 39.
Kxa5 Kf8 40. a4 Kg7 41. Kb6 c4 42. a5 c3 43. a6 Nc6 44. bxc3 bxc3 45. Kxc6 c2
46. a7 c1=Q+ 47. Kb7 Qb2+ 48. Kc7 Qa3 49. Kb7 Qb4+ 50. Kc8 Qc4+ 51. Kd7 Qa6 52.
Ke7 Kg6 0-1